000 03358nam a2200481 a 4500
003 CHAP
005 20240904104139.0
007 cr ||||||a|c|a
008 101026s2010 mx r 00010 spa d
035 _a111224
040 _cCHAP
090 _aTesis
100 1 _aSánchez Román, Rosibel.
_9107815
245 1 0 _aAlternativa de fertilización con el uso de azospirillum, micorriza, composta y fertilización foliar para maíz zapalote chico en el Istmo de Tehuantepec
_c/por Rosibel Sánchez Ramón; director Gerardo Noriega Altamirano
264 1 _aChapingo, Méx. :
_bEl autor,
_c2010.
300 _a1 recurso en línea (128 páginas):
_bCuadros, figuras
336 _2rdacontent
_atexto
_btxt
337 _2rdamedia
_acomputadora
_bc
338 _2rdacarrier
_arecursos en linea
_bcr
502 _bIAES
_cSuelos
_d2010
_gLIC
520 _aEn el Istmo de Tehuantepec, Oaxaca, se siembra un maíz nativo o criollo de la raza Zapalote Chico, que en el ciclo de otoño-invierno se cultiva bajo condiciones extremas de viento, en humedad residual, sistema de producción que se conoce como “chahuites”. Durante 2008, se sembraron 84, 066 hectáreas con maíz, 87 % en condiciones de temporal, con un rendimiento promedio de 1.4 tonha-1. El uso de fertilizantes químicos al suelo es determinante para obtener rendimientos satisfactorios en maíz, este tipo de fertilizantes actualmente tienen precios elevados, por ello es conveniente explorar alternativas agroecológicas y sustentables como la coinoculación con micorrizas (Glomus sp.) y rizobacterias (Azospirillum brasilense), la incorporación de composta y la fertilización foliar como una vía de aportar nutrientes. Se evaluaron seis tratamientos, en un diseño completamente al azar con tres repeticiones; el análisis de los resultados obtenidos fue mediante un diseño completamente al azar con submuestreo. Las variables asociadas al rendimiento de grano registrada a los 100 días de la siembra indican que todos los tratamientos son estadísticamente iguales, así la dosis regional de fertilización (100-40-00) tuvo un mayor promedio, seguido del tratamiento con la coinoculación micorriza + Azospirillum + composta + fertilización foliar. Los resultados revelan que el uso de microorganismos, composta y fertilización foliar puede sustituir la fertilización química al suelo e incrementar la productividad en el sistema de producción de “Chahuites”.
590 _aALEPH
_b10
_c20130110
590 _aBATCH-UPD
_b10
_c20130110
590 _aBATCH-UPD
_b10
_c20130410
590 _aBATCH-UPD
_b10
_c20130914
590 _aBATCH-UPD
_b10
_c20140324
590 _aBATCH-UPD
_b10
_c20141002
590 _aCONVERSION
_b10
_c20130109
650 0 4 _aAzospirillum.
_99126
650 0 4 _aCompost.
_926105
650 0 4 _aFertilización foliar.
_940445
650 0 4 _aMaíz
_xFertilización.
_970956
650 0 4 _aMaíz
_xFertilización.
_970956
650 0 4 _aMicorriza.
_975486
700 1 _aNoriega Altamirano, Gerardo
_981734
_eDirector
856 _uhttp://10.13.5.2/tesis/111224.pdf
_zDESCARGAR PDF
901 _aBK
942 _cTD
_2Clasificación Universidad Uatónoma Chapingo
949 _bBC
_cTES
_d33724002219900
_eTS2
_fc.2
_gDonaciØn
_h51312
_i111224
_sb
949 _bBC
_cTES
_d33724002219941
_eTS1
_gDonaciØn
_h51311
_i111224
_sb
999 _c99566
_d99566